| 000 | 00818cam a2200253 a 4500 | ||
|---|---|---|---|
| 001 | 000019485 | ||
| 005 | 20200929170031.0 | ||
| 008 | 771110s1969 sp 001 f spa d | ||
| 035 | _a(OCoLC)3407263 | ||
| 040 |
_aDO-SdBNP _cVtMiM _dDLC _dBNPHU |
||
| 082 |
_a863.6 _bG633t |
||
| 100 | 1 |
_aGómez de la Serna, Ramón, _d1888-1963 _914278 |
|
| 245 | 1 | 3 |
_aEl torero Caracho / _cRamón Gómez de la Serna. |
| 260 |
_aMadrid : _bEspasa-Calpe, _c1969. |
||
| 300 |
_a147 p. ; _c18 cm. |
||
| 490 | 1 |
_aAustral. Azul: novelas y cuentos en general _v1441 |
|
| 500 | _aIncluye índice de autores | ||
| 650 | 4 |
_aNovela española _91123 |
|
| 650 | 4 |
_aLiteratura española _9632 |
|
| 830 | 0 |
_aAustral. _pAzul: novelas y cuentos en general; _v1441 _922386 |
|
| 910 | _aCatalogación derivada / LC | ||
| 910 | _aWM | ||
| 049 | _aBNGR | ||
| 999 |
_c19001 _d19001 |
||